Regiones militares de España en 1930 con un mapa - Estadísticas

Estadísticas generales
  • Esta prueba ha sido intentada 46 veces
  • La puntuación promedio es 9 de 10
Respuestas en el mapa
Las respuestas están codificadas por una escala verde-roja en el mapa de la prueba según el % correcto abajo.
 
Estadísticas de respuestas
Respuesta % Correcto
Valencia
100%
Aragón
98%
Cataluña
98%
Galicia
95%
Baleares
93%
Canarias
93%
Madrid
93%
Sevilla
89%
Burgos
84%
Valladolid
84%
No se encontraron pruebas coincidentes
Distribución de puntuación
Porcentaje de gente con cada puntuación
Porcentaje por número respondido
Historial de tus puntuaciones
No has intentado esta prueba.